000 00418nam a2200157 i 4500
001 88437
003 ES-MaACL
005 20230906175848.0
007 t|
008 050104s1935 fr ||||1| fre d
100 1 _aLakhovsky, Georges.
_969719
245 1 3 _aLe grand probléme /
_cGeorges Lakhovsky.
260 _aParís :
_b[s.n.,
_c1935] (
_fFirmin Didot)
300 _a159 p. ;
_c20 cm.
852 _aES-MaACL
_jA-3564
999 _c88437
_d88437